Osudy jednej generácie

Bibliographic Details
Main Authors: Čiripová, Dáša, 1974- (Author, Interviewer), Šulík, Martin, 1962- (Author)
Format: Article
Language:Slovak
PhysicalDescription:Fotogr.
ISSN:1335-8286
Subjects:

MARC

LEADER 00000nab a2200000 ar4500
001 vtls008962532
003 SK-MaSNL
005 20260303070725.0
008 070410c2007 xo mr|p|||||||000 b|slo
015 |a SNBRB2007/04  |2 snkbucl 
038 |a SNKBUCL 
040 |a SNKBUCL  |b slo  |c SNKBUCL  |e AACR2 
041 0 |a slo 
044 |a xo  |c SK 
080 |a 791.633-051  |2 2001 
100 1 |a Čiripová, Dáša,  |d 1974-  |4 ivr  |4 aut  |9 99600 
245 1 0 |a Osudy jednej generácie  |c Dáša Čiripová, Martin Šulík 
300 |b Fotogr. 
600 1 7 |a Šulík, Martin,  |d 1962-  |2 snkbucl  |9 205972 
655 7 |a rozhovory  |2 snkbucl  |9 31831 
700 1 |a Šulík, Martin,  |d 1962-  |4 ive  |4 aut  |9 205972 
773 0 |t Film.sk  |g Roč. 8, č. 4 (2007), s. 20-23  |x 1335-8286 
852 |a SNK  |b KIS3GCP 
958 |a SK 
999 |c 1756660  |d 1758590